Design, Analysis and Simulation of a Rocket Propulsion System (Record no. 327299)
[ view plain ]
| 000 -LEADER | |
|---|---|
| fixed length control field | 00395 a2200133 4500 |
| 001 - CONTROL NUMBER | |
| control field | 92226 |
| 082 ## - DEWEY DECIMAL CLASSIFICATION NUMBER | |
| Classification number | PR 2486 |
| 090 ## - LOCALLY ASSIGNED LC-TYPE CALL NUMBER (OCLC); LOCAL CALL NUMBER (RLIN) | |
| -- | 44187 |
| -- | 44186 |
| 100 ## - MAIN ENTRY--PERSONAL NAME | |
| Personal name | Hamza Ashraf; Prof Shuaib Salamat and Dr. Ali Sarosh (Advisors) |
| 245 ## - TITLE STATEMENT | |
| Title | Design, Analysis and Simulation of a Rocket Propulsion System |
| Medium | 78 "A" EC |
| 260 ## - PUBLICATION, DISTRIBUTION, ETC. | |
| Place of publication, distribution, etc. | Islamabad |
| Name of publisher, distributor, etc. | NUST |
| Date of publication, distribution, etc. | 2015 |
| 300 ## - PHYSICAL DESCRIPTION | |
| Extent | x,59p. |
| 500 ## - GENERAL NOTE | |
| General note | BE Project Report |
| 942 ## - ADDED ENTRY ELEMENTS (KOHA) | |
| Institution code [OBSOLETE] | CAE NUST |
| Call number prefix | PR 2486 |
| Withdrawn status | Lost status | Damaged status | Not for loan | Collection code | Permanent Location | Current Location | Date acquired | Total Checkouts | Full call number | Barcode | Date last seen | Price effective from | Koha item type |
|---|---|---|---|---|---|---|---|---|---|---|---|---|---|
| College of Aeronautical Engineering (CAE) | College of Aeronautical Engineering (CAE) | 04/03/2017 | PR 2486 | CAEPR-2486 | 04/05/2017 | 04/05/2017 | Book |
